000 00219nam a22000857a 4500
008 170620b xxu||||| |||| 00| 0 eng d
100 _93551
_aBhanot. D. P
245 _aEnglish grammar - 6
260 _aNew Delhi
_bH. F. I
_c2009
999 _c6935
_d6935